000 00934cam a2200253 i 4500
003 SA-RiAUC
005 20250909062816.0
008 250907q19001999ua g 000 0 ara c
040 _aSA-JeALM
_bara
_cSA-RiAUC
_erda
082 0 4 _a189.19
090 _a189.19
_bع ق ا
100 1 _aالعقاد، عباس محمود،
_d1889-1964
_eمؤلف.
245 1 2 _aالتفكير فريضة إسلامية /
_cتأليف عباس محمود العقاد.
250 _aالطبعة الأولى.
264 1 _aالقاهرة :
_bدار القلم،
_c[بين 1900 و1999]
300 _a225 صفحة ؛
_c18 سم.
336 _aنص
_btxt
_2rdacontent
_3كتاب
337 _aبدون وسيط
_bn
_2rdamedia
490 0 _aالمؤتمر الإسلامي
650 7 _aالإسلام والتفكير
_2aucsh
650 7 _aالفلسفة الإسلامية
_2aucsh
942 _2ddc
_cBOOK
_n0
949 _aSA-JeALM
_d250907
_uosman123
_n1
999 _c11511
_d11511